000 00522nam a2200229Ia 4500
005 20250425162648.0
008 250425s9999 xx 000 0 und d
020 _a9789588200927
041 _aspa
043 _ack
082 _a814
100 _aVELA PULIDO, JANNETH
245 0 _a¿CÓMO ESCRIBIR ENSAYOS?
250 _a2A ED.
260 _aBOGOTA
260 _aColombia
_bUNIVERSIDAD SERGIO ARBOLEDA
_c2008
300 _a150
650 _aENSAYOS
650 _aENSAYOS
942 _c01
010 _a95053
999 _c233855
_d233855